000 01613cam a2200385 a 4500
999 _c233408
_d233408
001 13943913
003 Nust
005 20170307141822.0
008 050427s2005 nyu 000 1 eng
010 _a 2005048378
020 _a9780752876894
040 _aDLC
_cDLC
_dDLC
043 _ae-ur---
050 0 0 _aPS3612.A65
_bR63 2005
082 0 0 _a813.6
_bLUD
100 1 _aLarkin, Patrick.
245 1 0 _aRobert Ludlum's The Moscow vector /
_cwritten by Patrick Larkin.
246 3 0 _aMoscow vector
250 _a1st ed.
260 _aNew York :
_bSt. Martin's Griffin,
_c2005.
300 _a535 p. ;
_c24 cm.
490 1 _aA Covert-One novel
500 _a"Series created by Robert Ludlum."
650 0 _aBioterrorism
_xPrevention
_vFiction.
650 0 _aIntelligence officers
_vFiction.
650 0 _aAmericans
_zRussia
_vFiction.
651 0 _aMoscow (Russia)
_vFiction.
655 7 _aSuspense fiction.
_2gsafd
700 1 _aLudlum, Robert,
_d1927-2001.
800 1 _aLudlum, Robert,
_d1927-2001..
_tCovert-One novels.
856 4 2 _3Publisher description
_uhttp://www.loc.gov/catdir/enhancements/fy0624/2005048378-d.html
856 4 2 _3Contributor biographical information
_uhttp://www.loc.gov/catdir/enhancements/fy0809/2005048378-b.html
906 _a7
_bcbc
_corignew
_d1
_eocip
_f20
_gy-gencatlg
942 _2ddc
_cBK